| 000 | 00843nas a2200277 4500 | ||
|---|---|---|---|
| 001 | BR2011004558 | ||
| 003 | BR-BrBNA | ||
| 005 | 20231205115531.0 | ||
| 007 | ta | ||
| 008 | 230509b bl.|||p| |||| 00| 00por d | ||
| 040 |
_aBR-BrBNA _bpor _cBiblioteca Nacional de Agricultura |
||
| 041 | _a(Pt) | ||
| 072 | _aH20 | ||
| 100 | 1 | _aNiero, A.R. | |
| 100 | 1 | _aTratch, R. | |
| 100 | 1 | _aPinto Júnior, A.R. | |
| 245 | 1 | _aEficácia dos fungicidas no controle de doenças de final de ciclo (DFC)da soja | |
| 650 | _aSOJA | ||
| 650 | _aDOENÇA DE PLANTA | ||
| 650 | _aFUNGICIDA | ||
| 650 | _aMANCHA PARDA | ||
| 650 | _aOÍDIO | ||
| 773 | 0 |
_tRevista Acadêmica. Ciências Agrárias e Ambientais (Brazil) _xISSN 0103-989X _g(Jan-Mar 2011), v. 5(1) p. 19-25 _wBR2011004558 |
|
| 909 |
_a202311 _bLúcia _c55 _dLúcia Elande |
||
| 942 |
_2AGRIS _n0 _cANA |
||
| 999 |
_c214290 _d214290 |
||